| 000 | 01529nam a2200241Ia 4500 | ||
|---|---|---|---|
| 999 |
_c34590 _d34590 |
||
| 001 | 351 | ||
| 003 | GE_BSU | ||
| 005 | 20211122105611.0 | ||
| 008 | 181216s2016||||ge |||||||||||||| ||geo|| | ||
| 020 | _a9994046489 | ||
| 040 | _cGE_BSU | ||
| 041 | _ageo | ||
| 080 | _a341.9(479.22) გ–12 | ||
| 100 |
_aგაბისონია, ზვიად _98189 |
||
| 245 |
_aქართული საერთაშორისო კერძო სამართალი=Georgisches internationales Privatrecht : _b[იურიდ. ფაკ. სტუდ.] / _c რედ.: ლადო ჭანტურია. |
||
| 264 |
_aთბილისი : _bმერიდიანი, _c2006. |
||
| 300 |
_a467 გვ.; _b20 სმ. |
||
| 504 | _aბიბლიოგრ. ტექსტ. შენიშვნ. | ||
| 541 | _h20ლ. | ||
| 653 |
_a საერთაშორისო კერძო სამართალი _aსაერთაშორისო სანივთო სამართალ _aსაერთაშორისო სახელშეკრულებო სამართალი _aსაერთაშორისო საოჯახო სამართალი _a საერთაშორისო მემკვიდრეობითი სამართალი _aსაერთაშორისო სამოქალაქო პროცესი |
||
| 700 |
_aჭანტურია, ლადო _eრედაქტორი _912987 |
||
| 942 |
_cBK _2udc |
||